00510nam a2200157Ia 4500008004100000020001800041050002000059082002400079100003900103245009300142250001200235260002400247300001100271600003900282650003100321120905s9999 xx 000 0 und d a970-07-4457-4 aKGF 409 F5 2004 a346.72 F628.72 2004 aFloresgómez González, Fernando aIntroducción al estudio de derecho y derecho civil / Fernando Floresgómez González a10a ed. aMéxico : Porrúa a386 p. aFloresgómez González, Fernando aDerecho Civil \ DerechoÌ